000 00790nam a22002177a 4500
005 20250620112426.0
008 250620b |||||||| |||| 00| 0 eng d
020 _a978-93-5068-566-2(hbk)
037 _cTB
040 _aCRL
_cCRL
041 _2pun
_aPun
084 _aNR4443 153Q3
_qCRL
100 _aਸਿੰਘ, ਜਸਪਾਲ
_9813495
245 _aਪੰਜਾਬ ਦੀ ਲੋਕ ਸਾਜ ਪਰਮਪਰਾ
260 _aਚੰਡੀਗਢ, ਭਾਰਤ:
_bਲੋਕਗੀਤ ਪਰਕਾਸ਼ਨ,
_c2013.
300 _a168 ਪ.
365 _b350.00
_cINR
650 _2ਸੰਗੀਤ
942 _2CC
_cTB
_hNR4443 153Q3
_n0
999 _c1432066
_d1432066